MYSQL DATABASE DESIGN AND TUNING (Record no. 18805)
[ view plain ]
| 000 -LEADER | |
|---|---|
| fixed length control field | 00238nam a2200097Ia 4500 |
| 008 - FIXED-LENGTH DATA ELEMENTS--GENERAL INFORMATION | |
| fixed length control field | 170619s9999 xx 000 0 und d |
| 100 ## - MAIN ENTRY--PERSONAL NAME | |
| Personal name | Schneider- R D |
| 245 #0 - TITLE STATEMENT | |
| Title | MYSQL DATABASE DESIGN AND TUNING |
| 260 ## - PUBLICATION, DISTRIBUTION, ETC. | |
| Name of publisher, distributor, etc. | Pearson Education |
| 260 ## - PUBLICATION, DISTRIBUTION, ETC. | |
| Date of publication, distribution, etc. | 2006 |
| 546 ## - LANGUAGE NOTE | |
| Language note | ENGLISH |
| Withdrawn status | Lost status | Source of classification or shelving scheme | Damaged status | Not for loan | Home library | Current library | Date acquired | Source of acquisition | Barcode | Date last seen | Price effective from | Koha item type |
|---|---|---|---|---|---|---|---|---|---|---|---|---|
| IIMT Engineering College-BTech | IIMT Engineering College-BTech | 12/18/2008 | 1 | 06-B-26813 | 07/03/2017 | 07/03/2017 | Book Bank | |||||
| IIMT Engineering College-BTech | IIMT Engineering College-BTech | 12/18/2008 | 1 | 06-B-26814 | 07/03/2017 | 07/03/2017 | Book Bank | |||||
| IIMT Engineering College-BTech | IIMT Engineering College-BTech | 12/18/2008 | 1 | 06-B-26815 | 07/03/2017 | 07/03/2017 | Book Bank | |||||
| IIMT Engineering College-BTech | IIMT Engineering College-BTech | 12/18/2008 | 1 | 06-B-26816 | 07/03/2017 | 07/03/2017 | Book Bank | |||||
| IIMT Engineering College-BTech | IIMT Engineering College-BTech | 12/18/2008 | 1 | 06-B-26817 | 07/03/2017 | 07/03/2017 | Book Bank |

